Science of cocoa processing (Record no. 14869)
[ view plain ]
| 000 -LEADER | |
|---|---|
| fixed length control field | 00356nam a22001457a 4500 |
| 020 ## - INTERNATIONAL STANDARD BOOK NUMBER | |
| ISBN | 8183600530 |
| 020 ## - INTERNATIONAL STANDARD BOOK NUMBER | |
| ISBN | 9788183600538 |
| 082 ## - DEWEY DECIMAL CLASSIFICATION NUMBER | |
| Classification number | 633.74 |
| Item number | SHA/SC |
| 100 ## - MAIN ENTRY--AUTHOR NAME | |
| Personal name | Sharma, Sanjeev Kumar |
| 100 ## - MAIN ENTRY--AUTHOR NAME | |
| Personal name | Naidu, Madhava M |
| 245 ## - TITLE STATEMENT | |
| Title | Science of cocoa processing |
| 260 ## - PUBLICATION, DISTRIBUTION, ETC. (IMPRINT) | |
| Place of publication | New Delhi |
| Name of publisher | Jain Brothers |
| Year of publication | 2008 |
| 300 ## - PHYSICAL DESCRIPTION | |
| Number of Pages | 166p |
| 942 ## - ADDED ENTRY ELEMENTS (KOHA) | |
| Koha item type | Books |
| Withdrawn status | Lost status | Damaged status | Collection code | Home library | Current library | Shelving location | Date acquired | Source of acquisition | Cost, normal purchase price | Full call number | Accession Number | Koha item type |
|---|---|---|---|---|---|---|---|---|---|---|---|---|
| KAUAET | KAUAET | General Stacks | 30/03/2017 | Vigyan Books, Delhi | 275.00 | 633.74 SHA/SC | 25429 | Books |
